Folklore research in India; (Record no. 65983)
[ view plain ]
| 000 -LEADER | |
|---|---|
| fixed length control field | 01041cam a22002891 4500 |
| 001 - CONTROL NUMBER | |
| control field | sa 65008990 |
| 003 - CONTROL NUMBER IDENTIFIER | |
| control field | DLC |
| 005 - DATE AND TIME OF LATEST TRANSACTION | |
| control field | 20260227112159.0 |
| 008 - FIXED-LENGTH DATA ELEMENTS--GENERAL INFORMATION | |
| fixed length control field | 720329s1964 ii ac b 100 0 eng |
| 010 ## - LIBRARY OF CONGRESS CONTROL NUMBER | |
| LC control number | sa 65008990 |
| 025 ## - OVERSEAS ACQUISITION NUMBER | |
| Overseas acquisition number | PL480:I-E-3981 |
| 035 ## - SYSTEM CONTROL NUMBER | |
| System control number | (OCoLC)272562 |
| 040 ## - CATALOGING SOURCE | |
| Original cataloging agency | DLC |
| Transcribing agency | OAU |
| Modifying agency | OCoLC |
| -- | DLC |
| 042 ## - AUTHENTICATION CODE | |
| Authentication code | premarc |
| 050 00 - LIBRARY OF CONGRESS CALL NUMBER | |
| Classification number | GR305 |
| Item number | .A4 1964 |
| 111 2# - MAIN ENTRY--MEETING NAME | |
| Meeting name or jurisdiction name as entry element | All-India Folklore Conference |
| Number of part/section/meeting | (1st: |
| Date of meeting or treaty signing | 1964: |
| Location of meeting | Calcutta) |
| 245 10 - TITLE STATEMENT | |
| Title | Folklore research in India; |
| Remainder of title | official proceedings & speeches. |
| Statement of responsibility, etc. | Edited with an introd. by Sankar Sen Gupta. |
| 260 ## - PUBLICATION, DISTRIBUTION, ETC. | |
| Place of publication, distribution, etc. | [Calcutta, |
| Name of publisher, distributor, etc. | Reception Committee, All-India Folklore Conference, |
| Date of publication, distribution, etc. | 1964] |
| 300 ## - PHYSICAL DESCRIPTION | |
| Extent | xxxi, 122 p. |
| Other physical details | illus., ports. |
| Dimensions | 23 cm. |
| 490 0# - SERIES STATEMENT | |
| Series statement | Indian folklore series, |
| Volume/sequential designation | 4 |
| 500 ## - GENERAL NOTE | |
| General note | Sponsored by the Indian Folklore Society. |
| 504 ## - BIBLIOGRAPHY, ETC. NOTE | |
| Bibliography, etc. note | Bibliographical references included in Introduction. |
| 610 20 - SUBJECT ADDED ENTRY--CORPORATE NAME | |
| Corporate name or jurisdiction name as entry element | Indian Folklore Society |
| General subdivision | History. |
| 650 #0 - SUBJECT ADDED ENTRY--TOPICAL TERM | |
| Topical term or geographic name entry element | Folklore |
| Geographic subdivision | India |
| Form subdivision | Congresses. |
| 700 2# - ADDED ENTRY--PERSONAL NAME | |
| Personal name | Sen Gupta, Sankar, |
| Relator term | ed. |
| 710 2# - ADDED ENTRY--CORPORATE NAME | |
| Corporate name or jurisdiction name as entry element | Indian Folklore Society. |
No items available.